Thạch Sanh và kiểu truyện dũng sĩ trong truyện cổ Việt Nam và Đông Nam Á /

Salvato in:
Dettagli Bibliografici
Autore principale: Nguyễn Bích H
Natura: Sách giấy
Lingua:Vietnamese
Pubblicazione: H.: Giáo dục, 2001
Soggetti:
Tags: Aggiungi Tag
Nessun Tag, puoi essere il primo ad aggiungerne! !
Thư viện lưu trữ: Thư viện Trường Đại học Đà Lạt
LEADER 00762nam a2200289 4500
001 DLU020019070
005 ##20011107
020 # # |a 978- 
041 # # |a vie 
082 # # |a 895.922 09  |b NG-H 
100 # # |a Nguyễn Bích Hà 
245 # # |a Thạch Sanh và kiểu truyện dũng sĩ trong truyện cổ Việt Nam và Đông Nam Á /  |c Nguyễn Bích Hà 
260 # # |a H.:  |b Giáo dục,  |c 2001 
300 # # |a 277 tr.;   |c 21 cm. 
653 # # |a Chuyên luận 
653 # # |a Hình tượng nghệ thuật 
653 # # |a Truyện dân gian 
653 # # |a Văn học dân gian 
992 # # |a 18700 
994 # # |a DLU 
900 # # |a False 
911 # # |a Administrator 
925 # # |a G 
926 # # |a A 
927 # # |a SH 
980 # # |a Thư viện Trường Đại học Đà Lạt